05355nam a2200373 i 450000100060000000300090000600500170001500700030003200800410003504000130007610000600008924500660014926000660021530001100028149000680039149000470045950507970050650525500130353000340385360000440388760000460393161000600397783000730403783000550411085200580416585601470422385601110437085601180448185601160459985601160471594200140483199900170484595201190486239663ES-MaACL20250806025302.0t|030303m18841890sp |||| | spa d cES-MaACL1 aCánovas del Castillo, Antonio,d1828-1897934600eaut10aProblemas contemporáneos / cpor A. Cánovas del Castillo. aMadrid : b[s.n., c1884-1890] f(Imp. de A. Pérez Dubrull) a3 volúmenes (XXVIII, 470 páginas, [1] hoja de lámina ; 520 páginas ; 10, 616 páginas) ; c17 cm1 aColección de escritores castellanos. Críticos ; v17-18, 811 aObras de D. Antonio Cánovas del Castillo aI. Discursos del Ateneo (primera serie): Discurso pronunciado el día 26 de nov. de 1870. Discurso pronunciado el día 25 de nov. de 1871. Discurso pronunciado el día 26 de nov. de 1872. Discurso pronunciado el día 25 de nov. de 1873 -- II. Discursos del Ateneo (segunda serie): Discurso pronunciado el día 6 de nov. de 1882. Discurso pronunciado el día 31 de en. de 1884. Dos ilustres ateneístas contemporáneos: Moreno Nieto: discurso leído en la velada literaria que celebró el Ateneo... en honor del Sr. D. José Moreno Nieto el 4 de marzo de 1882; Revilla: prólogo a sus obras sueltas publicadas... en 1883 -- III. Discursos del Ateneo (tercera serie): Discurso leído el día 6 de nov. de 1889. Discurso del Ateneo, 1890: La cuestión obrera y su nuevo carácter8 aDiscurso primero del Ateneo: El Ateneo en sus relaciones con la cultura española ; Las transformaciones europeas en 1870 ; Cuestión de Roma bajo su aspecto universa l; Epílogo. Discurso segundo del Ateneo: El pesimismo y el optimismo en relación con los problemas de la época actual ; Concepto e importancia de la teodicea popular ; El Estado en sí mismo y en sus relaciones con los derechos individuales y corporativos ; De las formas políticas en general, y en especial de la monarquía constitucional en Inglaterra ; Breve reseña de otras conferencias y de las discusiones privadas del curso anterior. Discurso tercero del Ateneo: El problema religioso y sus relaciones con el político ; El problema religioso y la economía política ; La economía política, el socialismo y el cristianismo ; Errores de las escuelas modernas en orden al concepto de humanidad y al de Estado ; Ineficacia de las soluciones propuestas hasta ahora para los problemas sociales ; El cristianismo y el problema social ; El naturalismo y el socialismo científico ; La moral independiente y la moral cristiana ; El cristianismo como fundamento del orden social ; La creencia en lo sobrenatural y el ateísmo científico ; Importancia de los problemas contemporáneos y método aplicable a su estudio. Discurso cuarto del Ateneo: La libertad y el progreso en el mundo moderno ; El concepto de libertad en las escuelas filosóficas modernas ; El determinismo y la libertad humana ; La libertad humana y sus manifestaciones ; La idea de progreso en los sistemas de Spencer y Häckel y el cristianismo ; Identidad fundamental de la idea de progreso en los sistemas filosóficos contemporáneos ; La filosofía de Kant y el escepticismo y determinismo actuales ; Realidad de los conceptos de libertad y de progreso. Los arbitristas (artículo). Otro precursor de Malthus (artículo). Discurso parlamentario sobre La Internacional -- III. Discurso... 6 nov. de 1889: Ejercicio de la soberanía en las democracias modernas ; Las revoluciones en la Edad Moderna ; Clasificación de los sistemas democráticos: la democracia pura en Suiza ; La democracia de régimen mixto en los cantones suizos ; La soberanía ejercida en Suiza por la Confederación: el régimen municipal ; La democracia en los Estados Unidos ; El concepto de la soberanía en los Estados Unidos y en Suiza ; Principios teóricos de la democracia francesa ; Conclusiones. El juicio por jurados y el Partido Liberal Conservador ; Estudios económico-sociales aDisponible en formato digital14aMoreno Nieto, José,d1825-188298341614aRevilla, José de la,d1796-1859913173924aAteneo de Madrid-vDiscursos de apertura-yS.XIX.9191210aColección de escritores castellanos. Críticosv17-18, 8191822271 aObras de D. Antonio Cánovas del Castillo9226529 aES-MaACL cDEPOdOlim: F-12450(bis)-12452jR-2300-02  uhttp://bibliotecavirtual.malaga.es/i18n/consulta/registro.cmd?id=15773yVersión en líneaz(Biblioteca Virtual de la Provincia de Málaga) uhttp://hdl.handle.net/11169/20828yVersión en líneaz(Biblioteca Digital Floridablanca. Fondo Antiguo) uhttps://archive.org/details/problemascontemp01cnov/page/n10 yVersión en líneaz(Internet Archive) z(Vol. 1) uhttps://archive.org/details/problemascontemp02cnov/page/5 yVersión en líneaz(Internet Archive) z(Vol. 2) uhttps://archive.org/details/problemascontemp03cnov/page/5 yVersión en líneaz(Internet Archive) z(Vol. 3) cMONANTn0 c39663d39663 00102udc40708LIBXIXaATENEOMbATENEOMcDEPOd2008-01-17j1l0oR-2300-02p1041772r2023-02-23 00:00:00yMONANT